[Event "Matsatlan ac"]
[Site "?"]
[Date "1988.??.??"]
[Round "?"]
[White "Vaganian, Rafael A"]
[Black "Tukmakov, Vladimir B"]
[Result "0-1"]
[WhiteElo "2625"]
[BlackElo "2590"]
[PlyCount "74"]
[EventDate "1988.??.??"]
[Source "www.chesslib.no"]
[SourceDate "2004.05.04"]

1. Nf3 d5 2. g3 g6 3. c4 dxc4 4. Qa4+ Nc6 5. Qxc4 Bg7 6. d3 e5 7. Ng5 Qe7 8. Nc3 Nf6 9. Bg2 Nd4 10. Nb5 O-O 11. Nxd4 exd4 12. Qxd4 Re8 13. Qe3 Qd6 14. Qd2 Bg4 15. Nf3 Qe7 16. Qc2 Rad8 17. Be3 Nd5 18. Bc5 Nb4 19. Bxb4 Qxb4+ 20. Kf1 c5 21. Rb1 c4 22. Qxc4 Qxc4 23. dxc4 Bf5 24. Re1 Bxb2 25. Nh4 Be6 26. Bd5 Bxd5 27. cxd5 Rxd5 28. Rb1 Rd2 29. e3 Bf6 30. Rxb7 Rxa2 31. Kg2 a5 32. Rc1 Re7 33. Rb8+ Kg7 34. Kf3 Rd7 35. Ng2 Rdd2 36. Nf4 Rxf2+ 37. Ke4 Rfb2 0-1

[Event "Tilburg NED"]
[Site "Tilburg NED"]
[Date "1994.??.??"]
[Round "?"]
[White "Timman, Jan Hein"]
[Black "Khenkin, Igor"]
[Result "1/2-1/2"]
[WhiteElo "2620"]
[BlackElo "2555"]
[PlyCount "58"]
[EventDate "1994.??.??"]
[Source "www.chesslib.no"]
[SourceDate "2004.05.04"]

1. Nf3 d5 2. g3 g6 3. Bg2 Bg7 4. c4 e6 5. O-O Ne7 6. d4 Nbc6 7. cxd5 exd5 8. Nc3 O-O 9. b3 a5 10. Bf4 Nb4 11. Qd2 c6 12. Rac1 Nf5 13. Na4 Re8 14. Rfe1 Bf8 15. Nc5 Na6 16. e4 Nxc5 17. dxc5 dxe4 18. Qxd8 Rxd8 19. Ng5 e3 20. fxe3 h6 21. Rc3 Bg7 22. Bh1 Re8 23. Rd3 Be6 24. g4 Re7 25. Re2 Ree8 26. Bc7 Bf6 27. Bg3 Bc8 28. Rf2 Nxe3 29. Rc3 Ng2 1/2-1/2

[Event "Haifa ol (Men)"]
[Site "Haifa ISR"]
[Date "1976.??.??"]
[Round "8"]
[White "Dzindzichashvili, Roman"]
[Black "Pachman, Ludek"]
[Result "1/2-1/2"]
[WhiteElo "2535"]
[BlackElo "2520"]
[PlyCount "37"]
[EventDate "1976.11.??"]
[Source "www.chesslib.no"]
[SourceDate "2004.05.04"]

1. Nf3 d5 2. g3 g6 3. Bg2 Bg7 4. O-O e5 5. d3 Ne7 6. e4 O-O 7. Nc3 d4 8. Ne2 c5 9. Nd2 Nbc6 10. f4 f6 11. Nf3 Qd6 12. h3 Be6 13. g4 exf4 14. Bxf4 Ne5 15. Qd2 N7c6 16. b3 a6 17. Bh2 Qd7 18. Nf4 Bh6 19. Qe2 1/2-1/2

[Event "Weilburg"]
[Site "?"]
[Date "1995.??.??"]
[Round "?"]
[White "Gutman, L."]
[Black "Khenkin, I."]
[Result "0-1"]
[WhiteElo "2470"]
[BlackElo "2555"]
[PlyCount "56"]
[EventDate "1995.??.??"]
[Source "ChessBase"]
[SourceDate "1996.02.01"]

1. Nf3 d5 2. g3 g6 3. Bg2 Bg7 4. O-O e5 5. c4 dxc4 6. Na3 Be6 7. Qc2 Nc6 8. Nxc4 Nge7 9. d3 O-O 10. Bd2 a5 11. Bc3 Nd4 12. Qd2 Nec6 13. e3 Bd5 14. exd4 exd4 15. Bxa5 b5 16. Bb4 Nxb4 17. Qxb4 bxc4 18. dxc4 Rb8 19. Qc5 Bxf3 20. Bxf3 Rxb2 21. a4 d3 22. Bd5 c6 23. Bxc6 Bd4 24. Qd5 Qf6 25. Rad1 Rc8 26. Bd7 Rxf2 27. Rxf2 Qxf2+ 28. Kh1 Rd8 0-1

[Event "Sarajevo"]
[Site "Sarajevo BIH"]
[Date "1971.??.??"]
[Round "9"]
[White "Lengyel, Levente"]
[Black "Ciric, Dragoljub M"]
[Result "1/2-1/2"]
[WhiteElo "2490"]
[BlackElo "2500"]
[PlyCount "26"]
[EventDate "1971.??.??"]
[Source "www.chesslib.no"]
[SourceDate "2004.05.04"]

1. Nf3 d5 2. g3 g6 3. Bg2 Bg7 4. O-O e5 5. d3 Ne7 6. e4 O-O 7. c3 Nbc6 8. Nbd2 h6 9. exd5 Nxd5 10. Nb3 Re8 11. d4 exd4 12. Nbxd4 Nxd4 13. Nxd4 c6 1/2-1/2

[Event "Dr J. Bannet Memorial 8690"]
[Site "Dr J. Bannet Memorial 8690"]
[Date "1991.??.??"]
[Round "?"]
[White "Jezek, Jaroslav"]
[Black "Mallee, Ralph"]
[Result "1/2-1/2"]
[WhiteElo "2470"]
[BlackElo "2505"]
[PlyCount "107"]
[EventDate "1991.??.??"]
[Source "www.chesslib.no"]
[SourceDate "2004.05.04"]

1. Nf3 d5 2. g3 g6 3. c4 c6 4. Qa4 Nf6 5. cxd5 Nxd5 6. Qd4 f6 7. Bg2 Nd7 8. Qa4 e5 9. d3 Bb4+ 10. Bd2 Nc5 11. Qc2 Qe7 12. a3 Bxd2+ 13. Nbxd2 Bg4 14. O-O O-O 15. b4 Ne6 16. Qc4 Bxf3 17. Bxf3 Nb6 18. Qb3 Kg7 19. e3 Rfd8 20. Rfc1 Rd7 21. Ne4 Rad8 22. Be2 Rd5 23. a4 Nc8 24. Nc5 R5d6 25. Rc2 a6 26. Rd1 Na7 27. Bf1 Re8 28. Qc3 Nc8 29. Bh3 Ng5 30. Bg2 Na7 31. Rcd2 Nc8 32. h4 Nf7 33. b5 axb5 34. axb5 cxb5 35. Nxb7 Rb6 36. Na5 Na7 37. Qb2 Rc8 38. d4 e4 39. d5 Ra6 40. Ra1 Nd6 41. Bh3 Ra8 42. Nb3 Ra4 43. Bf1 Nac8 44. Rc1 Nc4 45. Bxc4 bxc4 46. Nd4 Nd6 47. Ne6+ Kf7 48. Rdc2 Qa7 49. Rc3 Qb8 50. Qd2 Ra2 51. Qd4 Qb2 52. R1c2 Qb1+ 53. Rc1 Qb2 54. R1c2 1/2-1/2

[Event "Corte Ingles op"]
[Site "?"]
[Date "1998.??.??"]
[Round "?"]
[White "Brito Garcia Alfredo"]
[Black "Korneev Oleg"]
[Result "1/2-1/2"]
[WhiteElo "2385"]
[BlackElo "2560"]
[PlyCount "100"]
[EventDate "1998.??.??"]
[Source "www.chesslib.no"]
[SourceDate "2004.05.04"]

1. Nf3 d5 2. g3 g6 3. Bg2 Bg7 4. c4 d4 5. O-O e5 6. d3 Ne7 7. Na3 O-O 8. Nc2 Re8 9. e3 dxe3 10. Nxe3 Nbc6 11. Rb1 Nb4 12. Ne1 Rb8 13. a3 Nbc6 14. N1c2 b6 15. Re1 Bb7 16. b4 Qd7 17. Bb2 Rbd8 18. Nd5 Nxd5 19. Bxd5 Ba8 20. b5 Na5 21. Bxa8 Rxa8 22. Nb4 c6 23. a4 Rad8 24. Qc2 f6 25. Rbd1 c5 26. Nd5 Nb7 27. Bc3 Nd6 28. f4 Nf5 29. fxe5 fxe5 30. Qg2 Ne7 31. Ne3 Bh6 32. Kh1 Bxe3 33. Rxe3 Nf5 34. Re2 Nd4 35. Re4 Re6 36. a5 Rf8 37. Rf1 Rxf1+ 38. Qxf1 bxa5 39. Bxa5 Re8 40. Bc3 Rf8 41. Qg2 Nf3 42. Qe2 Qh3 43. Qg2 Qh6 44. Bb2 Qh5 45. Qe2 Qh3 46. Qg2 Qd7 47. Qe2 Qh3 48. Qg2 Qd7 49. Qe2 Qh3 50. Qg2 Qd7 1/2-1/2

[Event "Spartakiade tt 8th"]
[Site "Moscow RUS"]
[Date "1983.??.??"]
[Round "8"]
[White "Tseitlin, Mark D"]
[Black "Mikhalchishin, Adrian B"]
[Result "1/2-1/2"]
[WhiteElo "2475"]
[BlackElo "2465"]
[PlyCount "92"]
[EventDate "1983.07.??"]
[Source "www.chesslib.no"]
[SourceDate "2004.05.04"]

1. Nf3 d5 2. g3 g6 3. Bg2 Bg7 4. O-O e5 5. c4 Ne7 6. cxd5 Nxd5 7. Nc3 O-O 8. Nxd5 Qxd5 9. d3 Nc6 10. Qa4 Qd6 11. Be3 Nd4 12. Nxd4 exd4 13. Bf4 Qb6 14. Rac1 c6 15. b4 Bg4 16. Rfe1 a5 17. a3 Rfe8 18. e4 Bf8 19. bxa5 Rxa5 20. Qc2 Rxa3 21. Rb1 Qa7 22. h3 Be6 23. Rb2 Qa6 24. Bf1 b5 25. Qc1 Ra8 26. Be5 Ra1 27. Qf4 Bg7 28. Bxg7 Kxg7 29. Rbb1 Rxb1 30. Rxb1 Qb6 31. h4 Qb8 32. e5 Qd8 33. Bg2 Bd5 34. Bxd5 Qxd5 35. h5 gxh5 36. Qg5+ Kh8 37. Qf6+ Kg8 38. Qg5+ Kh8 39. Qf6+ Kg8 40. Qg5+ Kf8 41. Qf6 Ra3 42. Re1 Qe6 43. Qd8+ Kg7 44. Qg5+ Kf8 45. Qd8+ Kg7 46. Qg5+ Kf8 1/2-1/2

[Event "open"]
[Site "Stuttgart"]
[Date "2003.05.31"]
[Round "6.1"]
[White "Schebler, Gerhard"]
[Black "Karpatchev, Aleksandr"]
[Result "1/2-1/2"]
[WhiteElo "2485"]
[BlackElo "2416"]
[PlyCount "81"]
[EventDate "2003.05.29"]
[Source "Roberto Alvarez"]
[SourceDate "2003.05.26"]

1. Nf3 d5 2. g3 g6 3. Bg2 Bg7 4. O-O e5 5. d3 Nc6 6. e4 Nf6 7. Nc3 dxe4 8. dxe4 Qxd1 9. Rxd1 Bg4 10. Be3 O-O 11. h3 Bxf3 12. Bxf3 Rfd8 13. Nb5 Ne8 14. Rxd8 Rxd8 15. Rd1 Rxd1+ 16. Bxd1 a6 17. Nc3 Nd4 18. Nd5 Bf8 19. c3 Ne6 20. b4 Bd6 21. Bh6 f6 22. Bb3 Kf7 23. Bd2 c6 24. Nb6 Ke7 25. Kg2 Bc7 26. Na4 Nd6 27. f3 a5 28. a3 axb4 29. axb4 b5 30. Nb2 Bb6 31. h4 c5 32. Bd5 cxb4 33. cxb4 Bd4 34. Nd1 Nc4 35. Bh6 Kd6 36. Kf1 Nb6 37. Bb3 Nc4 38. Ke2 Nb2 39. Nxb2 Bxb2 40. Kd3 Bd4 41. Bxe6 1/2-1/2

[Event "Moscow RUS"]
[Site "Moscow RUS"]
[Date "1995.??.??"]
[Round "3"]
[White "Yuferov, Sergey N"]
[Black "Lastin, Alexander"]
[Result "0-1"]
[WhiteElo "2475"]
[BlackElo "2405"]
[PlyCount "50"]
[EventDate "1995.??.??"]
[Source "www.chesslib.no"]
[SourceDate "2004.05.04"]

1. Nf3 d5 2. g3 g6 3. Bg2 Bg7 4. O-O e5 5. c4 dxc4 6. Na3 Nc6 7. Nxc4 e4 8. Ne1 Be6 9. Qa4 Nf6 10. d3 O-O 11. Be3 Nd4 12. Na5 Nxe2+ 13. Kh1 Ng4 14. Nxb7 Qf6 15. Rb1 Bh6 16. Bxe4 Nf4 17. Qd4 Kg7 18. h3 Bd7 19. gxf4 c5 20. Bd5 Bb5 21. Ng2 Ne5 22. Ra1 Qh4 23. Bf3 Rae8 24. b4 Qe7 25. Bh5 Ba6 0-1

[Event "FRA-chT2"]
[Site "?"]
[Date "2002.01.??"]
[Round "5"]
[White "Dobosz Henryk"]
[Black "Ekstroem Roland"]
[Result "1-0"]
[WhiteElo "2400"]
[BlackElo "2480"]
[PlyCount "143"]
[EventDate "2002.??.??"]
[Source "www.chesslib.no"]
[SourceDate "2004.05.04"]

1. Nf3 d5 2. g3 g6 3. Bg2 Bg7 4. O-O e5 5. d3 Ne7 6. e4 O-O 7. Nbd2 Nbc6 8. Re1 h6 9. exd5 Nxd5 10. Nc4 Re8 11. Bd2 Bf5 12. Ne3 Nxe3 13. Rxe3 Qd7 14. Bc3 Nd4 15. Qd2 Bh3 16. Bxd4 exd4 17. Rxe8+ Rxe8 18. Bxh3 Qxh3 19. Re1 Rxe1+ 20. Qxe1 Qd7 21. Qe4 c6 22. Nd2 h5 23. Nc4 Bf6 24. Qf4 Kg7 25. h4 Qe7 26. Qe4 Qc5 27. a3 a5 28. Qf4 Qe7 29. Kf1 a4 30. Nb6 Qe6 31. Nxa4 Qd5 32. Qe4 Qa2 33. Kg2 Qb1 34. b4 Qxc2 35. Nc5 Qa2 36. Nxb7 Kh7 37. Nd6 Bg7 38. Qxc6 Qxa3 39. Qe4 f5 40. Qd5 Qxb4 41. Nf7 Qf8 42. Qb7 Kg8 43. Ng5 Qe8 44. Qd5+ Kh8 45. Ne6 Bf6 46. Nxd4 Qd8 47. Qxd8+ Bxd8 48. Ne6 Bb6 49. Kf3 Kg8 50. d4 Kf7 51. Nc5 Bc7 52. Nd3 Kf6 53. Nf4 Bb8 54. Nh3 Ke6 55. Ke3 Bd6 56. Kd3 Bb4 57. Nf4+ Kf7 58. Kc4 Bd2 59. Nd3 Ke6 60. Kc5 g5 61. d5+ Ke7 62. d6+ Kd8 63. hxg5 Bxg5 64. Kd5 f4 65. Ke6 fxg3 66. fxg3 h4 67. Ne5 h3 68. Nf7+ Kc8 69. Nxg5 h2 70. d7+ Kc7 71. Nf7 h1=Q 72. d8=Q+ 1-0

[Event "Independence Cup op"]
[Site "?"]
[Date "1999.??.??"]
[Round "?"]
[White "Sergeev Vlastimil Stepanovi"]
[Black "Koutsin Sergey"]
[Result "1/2-1/2"]
[WhiteElo "2452"]
[BlackElo "2414"]
[PlyCount "107"]
[EventDate "1999.??.??"]
[Source "www.chesslib.no"]
[SourceDate "2004.05.04"]

1. Nf3 d5 2. g3 g6 3. c4 c6 4. Qa4 Nd7 5. cxd5 cxd5 6. Nc3 Ngf6 7. Bg2 Bg7 8. O-O O-O 9. d4 Nb6 10. Qb3 Ne4 11. Bf4 Nxc3 12. Qxc3 Bg4 13. Rac1 Qd7 14. Qb4 Rfc8 15. b3 Rxc1 16. Rxc1 Rc8 17. Rxc8+ Nxc8 18. Ne5 Bxe5 19. dxe5 Bxe2 20. Qd2 Bb5 21. Qxd5 Qxd5 22. Bxd5 Bc6 23. Bxc6 bxc6 24. Kg2 Kf8 25. Kf3 Ke8 26. Ke4 Kd7 27. Be3 Ke6 28. Bc5 f6 29. exf6 exf6 30. a4 Kd7 31. g4 Nd6+ 32. Kd4 Nc8 33. f3 Ke6 34. f4 Kd7 35. Ke4 Nd6+ 36. Kd4 Nc8 37. Kd3 Ke6 38. Kc4 Kd7 39. Kb4 Kc7 40. Ka5 Kb7 41. g5 fxg5 42. fxg5 Nb6 43. Bxb6 axb6+ 44. Kb4 Ka6 45. Kc4 c5 46. h3 Ka5 47. h4 Ka6 48. Kd5 Ka5 49. Kc6 Ka6 50. Kd5 Ka5 51. Kc4 Ka6 52. Kd5 Ka5 53. Kc6 Ka6 54. Kd5 1/2-1/2